Sweetie = Sweetie /

Historia de dos hermanas, hijas de padres excéntricos y separados, con carácteres completamente distintos. La irrupción de la impulsiva, desordenada y caprichosa "Sweetie" sobre la vida de la ordenada existencia de su hermana Kay, aterroriza y descontrola a ésta. El primero y muy elogiado largometra...

Ful tanımlama

Kaydedildi:
Detaylı Bibliyografya
Yazar: Campion, Jane (realización)
Diğer Yazarlar: Lee, Gerard (guión) (guión), Campion, Jane (guión) (guión), Bongers, Sally (fotógrafo) (fotógrafo), Lovejoy, Amanda (vestuario) (vestuario), Jenet, Veronika (montaje) (montaje), Armiger, Martin (música) (música), Lemon, Geneviève (actuación) (actuación), Colston, Karen (actuación) (actuación), Lycos, Tom (actuación) (actuación)
Materyal Türü: Saydam/Asetat
Dil:İngilizce
Baskı/Yayın Bilgisi: Sidney, Australia : Arenafilm, 1989, c1989
Seri Bilgileri:(Lo Mejor del Cine Contemporáneo)
Konular:
Etiketler: Etiketle
Etiket eklenmemiş, İlk siz ekleyin!

MARC

LEADER 00000ngm^a2200000^a^4500
001 000050078
005 20250521000000.0
009 20260526115322.705
037 |a Acervo ITESO - Biblioteca 
041 |a ING 
082 |a AU 820.  |b CAM 
100 |a Campion, Jane  |e (realización) 
240 1 1 |a [Sweetie] 
245 1 0 |a Sweetie =  |b Sweetie /  |c Realización de J. Campion. 
264 4 |a Sidney, Australia :  |b Arenafilm,  |c 1989, c1989 
264 2 |a México :  |b CONACULTA [distribución],  |c fecha no identificada 
300 |a 1 videocasete VHS (97 min.) :  |b color 
336 |a imagen móvil bidimensional  |b tdi  |2 rdacontenido 
337 |a video  |b v  |2 rdamedio 
338 |a videocasete  |b vf  |2 rdasoporte 
440 1 |a (Lo Mejor del Cine Contemporáneo) 
520 |a Historia de dos hermanas, hijas de padres excéntricos y separados, con carácteres completamente distintos. La irrupción de la impulsiva, desordenada y caprichosa "Sweetie" sobre la vida de la ordenada existencia de su hermana Kay, aterroriza y descontrola a ésta. El primero y muy elogiado largometraje para cine dirigido por la neozelandesa Jane Campion, quien anteriormente ya había realizado el telefilme Two Friends (1986). 
530 |a Existe una edición en formato audiovisual en blu-ray con el mismo título 
530 |a Existe una edición en formato audiovisual en DVD con el mismo título 
546 |a En inglés, con subtítulos en español 
586 |a Premio Spirit, del Cine Independiente Norteamericano (6º: 1991): Mejor Película Extranjera (ganadora) 
586 |a Mejores Películas del Cine Australiano: Encuesta de la revista Cinema Papers' (1996): 35ª 
586 |a Mejores Películas del Cine Australiano: Encuesta del Festival de Cine de Adelaida (2018): 84ª 
649 |a XX 
650 |a Cineastas Neozelandeses 
650 |a Hermanos en el Cine 
650 |a Familia Disfuncional en el Cine 
650 |a Comedias de Humor Negro 
650 |a Comedias Cinematográficas 
650 |a Opera Prima 
650 |a Cine de Mujeres -  |z Australia 
650 |a Cine Australiano -  |y 1980-1989 
650 |a Cine Australiano -  |y Siglo XX 
650 |a Relaciones entre Hermanos -  |x Tema Principal 
650 |a Relaciones Familiares 
650 |a Relaciones de Pareja 
650 |a Abstinencia Sexual 
650 |a Sexualidad 
650 |a Incomunicación 
650 |a Conflicto (Relaciones Personales) 
650 |a Diferencia y Otredad -  |x Tema Principal 
650 |a Psicopatología 
650 |a Cultura Urbana -  |z Australia 
700 |a Lee, Gerard  |e (guión) 
700 |a Campion, Jane  |e (guión) 
700 |a Bongers, Sally  |e (fotógrafo) 
700 |a Lovejoy, Amanda  |e (vestuario) 
700 |a Jenet, Veronika  |e (montaje) 
700 |a Armiger, Martin  |e (música) 
700 |a Lemon, Geneviève  |e (actuación) 
700 |a Colston, Karen  |e (actuación) 
700 |a Lycos, Tom  |e (actuación) 
910 |a Fondo General 
920 |a Audiovisuales - Videocasetes 
940 |a Películas 
905 |a 301 
901 |a 0500006006  |b IT2  |c VIS  |u 20250521 
902 |a https://opac.biblio.iteso.mx/vufind/Record/000050078